000 00944nam a22002657a 4500
999 _c2275
_d2275
003 AR-CdUCM
008 190304b ||||| |||| 00| 0 spa d
040 _aMUNICIPALIDAD PROVINCIAL DEL CUSCO
_cBIBLIOTECA MUNICIPAL DEL CUSCO
041 _heng
082 _2320 /
_aC23
100 _aCalifano, Joseph A.
_98216
245 _aLa Revolución de Los Estudiantes /
260 _aBuenos Aires :
_bPaidos ;
_c1971.
300 _a142 páginas
_c18cm
440 _aColección Mundo Moderno
_98217
505 _aContenido: Los países posindustriales: Europa -- Los países posindustriales:Japón -- Los países preindustriales -- Significación para Estados Unidos -- Quo Vadis
650 _aGran Bretaña
_98218
650 _aFrancia
_91444
650 _aJapón
_98219
650 _aUniversidades
_92151
650 _aProsperidad
_98220
700 _aClafin Diana, Gerardo (traducción)
_98221
942 _2ddc
_cLIBROS
945 _anom